000 00448nam a2200181Ia 4500
005 20250423095637.0
008 250422s9999 xx 000 0 und d
020 _a0582416868
050 _aPZ 7 .M55 H69/
100 _aMikes, George
245 0 _aHow to be an alien
260 _aHarlow, Essex
260 _bPearson
260 _c2000
300 _a42 p
650 _aEnglish language -- Study and teaching Readers - Level 3
942 _cBK
999 _c30896
_d30896